000 00377nam a2200145Ia 4500
008 230711s9999||||xx |||||||||||||| ||und||
041 _aENG
082 _a621
_bVA-E
100 _aVaishwanar,R.S
245 2 _aA textbook of engineering graphic
250 _a1st . Ed.
260 _c1990
_aNew Delhi
_bJaico Books Publishing House
650 _aElectrical Engineering
942 _cBK
999 _c128
_d128